00350nam a2200145Ia 4500003000400000005001700004008004100021020001800062040003000080100001500110245003600125260002200161260000900183546001200192OSt20240226144351.0170619s9999 xx 000 0 und d a9780198077046 cIIMT ENGINEERING COLLEGE aPanda- T.K 0aSales & Distribution Management bOxford University c2012 aENGLISH